| 000 | 00952cam a2200289 a 4500 | ||
|---|---|---|---|
| 001 | 000018486 | ||
| 005 | 20200929165819.0 | ||
| 008 | 740910s1967 sp 000 0 spa d | ||
| 040 |
_aDO-SdBNP _bspa _cLC _dBNPHU |
||
| 041 | 1 | 7 |
_aspa _heng _2Código de idioma MARC |
| 042 | _apremarc | ||
| 082 |
_a823.8 _bC947Ll, 1967 |
||
| 100 | 1 |
_aCronin, A. J. _q(Archibald Joseph), _d1896-1981. _939993 |
|
| 240 | 0 |
_aThe Keys of the Kingdom. _lEspañol |
|
| 245 | 1 | 4 |
_aLas llaves del reino / _cA. J. Cronin ; traducción Juan G. De Luaces. |
| 250 | _a3a ed. | ||
| 260 |
_aBarcelona : _bJuventud, _c1967. |
||
| 300 |
_a320 p. ; _c20 cm. |
||
| 490 | 1 | _aNovelas Modernas | |
| 534 |
_aTítulo de la obra original : _tThe Keys of the Kingdom |
||
| 650 | 4 |
_aNovela inglesa _91071 |
|
| 650 | 4 |
_aLiteratura inglesa _9498 |
|
| 700 | 1 |
_aLuaces, Juan G. De, _etr. _912849 |
|
| 830 | 0 |
_aNovelas Modernas _939994 |
|
| 910 | _aCatalogación derivada / LC | ||
| 049 | _aBNGR | ||
| 999 |
_c18006 _d18006 |
||